00917nam a22002297a 450000100060000000300080000600500170001400800410003103500190007204000270009104100080011808200200012610000380014624502090018426000410039330000210043465300140045574000460046994200120051599900170052795201430054431776BD-RjUL20211209051739.0140422s1954 enk 000 0 eng  a(BD-RjUL)31864 aDLCcDLCbengdBD-RjUL aeng04a294.3bARL 19541 aArnold, Edwin,d1832-1904.99520714aThe light of Asia, or, The great renunciation (Mahābhinishkramana) :bbeing the life and teaching of Gautama, prince of India and founder of Buddism as told by an Indian Buddhist /cby Sir Edwin Arnold. aLondon:bRoutledge & K. Paul,c1954. a157 p. ;c15 cm.0 aBuddhism.0 aGreat renunciation (Mahābhinishkramana) 2ddccBK c31776d31776 00102ddc4070aRUCLbRUCLcStackd1957-11-30ePak.American commarcialg3.60l0o294.3 ARL 1954r2014-04-22 00:00:00tC-2w2014-04-22yBK